| 000 | 01863cam a22003378a 4500 | ||
|---|---|---|---|
| 001 | 16151558 | ||
| 005 | 20101115143823.0 | ||
| 008 | 100324s2010 iau b 001 0 eng | ||
| 010 | _a2010007731 | ||
| 020 | _a1444334778 | ||
| 020 | _a9781444334777 | ||
| 040 |
_aDLC _cDLC |
||
| 050 | 0 | 0 |
_aHC79.C3 _bM47 2010 |
| 082 | 0 | 0 |
_a338.9 _222 _bMER |
| 100 | 1 |
_aMerna, Anthony. _922365 |
|
| 245 | 1 | 0 |
_aProject Finance in Construction : _bA Structured Guide to Assessment / _cAnthony Merna, Yang Chu, Faisal Al-Thani. |
| 260 |
_aAmes, Iowa : _bBlackwell Pub., 2010 _c2010. |
||
| 300 |
_a174 p. : _bill. ; _c25 cm. |
||
| 504 | _aIncludes bibliographical references p. 161-165 and index. | ||
| 505 | 0 | _aIntroduction -- Project finance -- Financial instruments and cash flow modelling -- Risk management -- The financial assessment process -- Case study -- Developing the base case model -- Initial economic assessment by lenders -- Financial engineering -- Final assessment to determine projects commercial viability -- Financial close -- Islamic finance and project finance -- Conclusions and recommendations. | |
| 650 | 0 |
_aInfrastructure (Economics) _xFinance. _922366 |
|
| 650 | 0 |
_aIndustrial development projects. _922367 |
|
| 650 | 0 |
_aRisk management. _922368 |
|
| 650 | 0 |
_aPublic-private sector cooperation. _922369 |
|
| 700 | 1 |
_aZhu, Yang. _922370 |
|
| 700 | 1 |
_aAl-Thani, Faisal F. _922371 |
|
| 942 |
_2ddc _cBB |
||
| 999 |
_c14969 _d14969 |
||